[Event "Djerba Blitz op"]
[Site "Djerba"]
[Date "2025.02.19"]
[Round "7"]
[White "Ben Mbarek, Mohamed"]
[Black "Sazlik, Mucahit"]
[Result "0-1"]
[WhiteElo "1570"]
[BlackElo "1672"]
[PlyCount "47"]
[EventDate "2025.02.19"]
[EventType "swiss (blitz)"]
[EventRounds "9"]
[EventCountry "TUN"]
[SourceTitle "CB09_2025"]
[SourceDate "2025.02.27"]
[SourceVersion "1"]
[SourceVersionDate "2025.02.27"]
[SourceQuality "1"]

1. Nf3 d5 2. d4 Nf6 3. g3 Bf5 4. Bg2 e6 5. 0-0 h6 6. Nc3 c6 7. Re1 Bb4 8. Bd2 0-0 9. Nh4 Bh7 10. e4 Bxc3 11. Bxc3 Nxe4 12. Bb4 Re8 13. Rc1 Na6 14. Ba3 Nc7 15. c4 Qf6 16. Bxe4 Bxe4 17. cxd5 exd5 18. b3 Ne6 19. Bb2 Ng5 20. Rxe4 Nxe4 21. Nf3 Re6 22. Rc2 Rae8 23. Bc1 Ng5 24. Ne5 0-1

[Event "Djerba Blitz op"]
[Site "Djerba"]
[Date "2025.02.19"]
[Round "2"]
[White "Bensaid, Brahim"]
[Black "Ben Mbarek, Mohamed"]
[Result "0-1"]
[WhiteElo "1743"]
[BlackElo "1570"]
[PlyCount "45"]
[EventDate "2025.02.19"]
[EventType "swiss (blitz)"]
[EventRounds "9"]
[EventCountry "TUN"]
[SourceTitle "CB09_2025"]
[SourceDate "2025.02.27"]
[SourceVersion "1"]
[SourceVersionDate "2025.02.27"]
[SourceQuality "1"]

1. e4 c5 2. Nf3 g6 3. d4 cxd4 4. Nxd4 Bg7 5. Nc3 Nc6 6. Nxc6 bxc6 7. Be2 Nf6 8. 0-0 e5 9. Bg5 0-0 10. Qd2 Qb6 11. Rab1 Ba6 12. Bxa6 Qxa6 13. Bxf6 Bxf6 14. Qxd7 Rad8 15. Qc7 Rd2 16. b4 Rxc2 17. b5 cxb5 18. Rxb5 Rxc3 19. Qxc3 Qxb5 20. Qc2 Rd8 21. Rb1 Qd3 22. Qxd3 Rxd3 23. Ra1 0-1

[Event "TUN-ch Prel"]
[Site "Monastir"]
[Date "2024.12.23"]
[Round "5"]
[White "Ben Mbarek, Mohamed"]
[Black "Boumaiza, Fares"]
[Result "0-1"]
[WhiteElo "1591"]
[BlackElo "1757"]
[PlyCount "94"]
[EventDate "2024.12.21"]
[EventType "swiss"]
[EventRounds "9"]
[EventCountry "TUN"]
[SourceTitle "CB02_2025"]
[SourceDate "2025.01.08"]
[SourceVersion "1"]
[SourceVersionDate "2025.01.08"]
[SourceQuality "1"]

1. Nf3 c5 2. g3 Nc6 3. Bg2 e6 4. 0-0 Be7 5. d3 Nf6 6. Nbd2 d5 7. Re1 0-0 8. e4 b5 9. a4 b4 10. exd5 exd5 11. Ne5 Nxe5 12. Rxe5 Bg4 13. Bf3 Bd6 14. Re1 Be6 15. Nb3 Rc8 16. Bg5 h6 17. Be3 Qc7 18. Qd2 Rfe8 19. Kg2 Re7 20. c3 d4 21. Bxh6 gxh6 22. Qxh6 Bxb3 23. Qxf6 Re6 24. Rxe6 Bxe6 25. Re1 Qe7 26. Qh6 Qf8 27. Qh5 dxc3 28. Re4 cxb2 29. Bg4 b1Q 30. Bxe6 Qb2 31. Rg4+ Qbg7 32. Rxg7+ Qxg7 33. Bxc8 b3 34. Qd5 b2 35. Qxd6 Qd4 36. Qb8 Qb4 37. Bb7+ Kg7 38. Qe5+ Kf8 39. Qh8+ Ke7 40. Qe5+ Kd7 41. Qd5+ Ke7 42. Qe5+ Kf8 43. Qh8+ Ke7 44. Qe5+ Kd7 45. Qd5+ Ke8 46. Bc6+ Kf8 47. Qa2 b1Q 0-1